USSR and Russian Leaders Since WW1 - Statistics

General Stats
  • This quiz has been taken 475 times
  • The average score is 7 of 10
Answer Stats
Hint Answer % Correct
1924-1953 Joseph Stalin
100%
1917-1924 Vladimir Lenin
98%
1999-Now Vladimir Putin
94%
1985-1991 Mikhail Gorbachev
85%
1955-1964 Nikita Khrushchev
78%
1964-1982 Leonid Brezhnev
71%
1991-1999 Boris Yeltsin
67%
1982-1984 Yuri Andropov
49%
1984-1985 Konstantin Chernenko
37%
1953-1955 Georgy Malenkov
30%
No matching quizzes found
Score Distribution
Percent of People with Each Score
Percentile by Number Answered
Your Score History
You have not taken this quiz